NAFTA : an assessment

Bibliographic Details
Main Author: Hufbauer
Other Authors: Schott,
Format: Book
Published: Washington D.C.: Institute for International Economics, 1993.
Subjects:
LEADER 00598cam a2200193 7i4500
001 0000005308
005 19991025090000.0
002 ##000006933
020 0 0 |a 0-88132-198-2  
090 0 0 |a AM.N 382.71   |b HUF 
100 1 0 |a Hufbauer  
245 1 0 |a NAFTA :   |b an assessment   |c Gary Clyde Hufbauer. 
260 0 0 |a Washington D.C.:   |b Institute for International Economics,   |c 1993. 
300 0 0 |a 162 p.. 
650 0 0 |a Free trade --   |z North America  
650 0 0 |a North America --   |x Commerce  
651 0 0 |a North America  
700 1 1 |a Schott,   |h Jeffrey J.  
999 |a 0000006002  |b Book  |c Open shelf  |e Business Information Centre